| 000 | 00370nam a2200145Ia 4500 | ||
|---|---|---|---|
| 008 | 240624s9999 xx 000 0 und d | ||
| 041 | _aeng | ||
| 082 | _a658.155 BOC | ||
| 100 | _aBOCKER KLAUS | ||
| 245 | _aRETHINKING RISK MEASUREMENT AND REPORTIN | ||
| 260 |
_c2010 _aLondon _bRisk Books |
||
| 300 | _axxxvi, : 536 : p. : cm. ; 23 | ||
| 365 |
_cGBP _b20 |
||
| 440 | _v2 | ||
| 999 |
_c21387 _d21387 |
||